| 000 | 01450cam a2200397 i 4500 | ||
|---|---|---|---|
| 999 |
_c65706 _d65706 |
||
| 001 | 768714001 | ||
| 003 | CO-MdFUSB | ||
| 005 | 20200724121117.0 | ||
| 007 | ta | ||
| 008 | 960227t19901990mnu b 000 0 eng | ||
| 010 | _a90041239 | ||
| 020 | _a0814651267 | ||
| 040 |
_aDLC _cCO-MdFUSB _dCAP _dCO-MdFUSB _dUtOrBLW _bspa _erda |
||
| 041 | _aeng | ||
| 082 |
_223 _a226.206 _bM511 |
||
| 090 | _aBS2575.3 | ||
| 100 | 1 |
_aMeier, John P. _eautor |
|
| 245 | 1 | 0 |
_aMatthew / _cJohn P. Meier. |
| 264 | 1 |
_aCollegeville, Minn. : _bLiturgical Press, _c[1990] |
|
| 264 | 4 | _c©1990. | |
| 300 |
_axii, 377 páginas ; _c21 cm. |
||
| 336 |
_atexto _btxt _2rdacontent. |
||
| 337 |
_asin mediación _bn _2rdamedia. |
||
| 338 |
_avolumen _bnc _2rdacarrier. |
||
| 490 | 1 | _aNew Testament message ; | |
| 504 | _aIncluye referencias bibliográficas | ||
| 505 | _aEl prólogo . -- El Hijo comienza a proclamar el reino. -- La misión de Jesús y sus discípulos en Galilea. -- Jesús se encuentra con la oposición de Israel. -- El Mesías forma su iglesia y profetiza su pasión. -- El Mesías y su iglesia en el camino a la pasión. -- El clímax: la muerte-resurrección. | ||
| 630 | 7 |
_aBiblia. _vMateo _xCrítica, interpretación, etc. |
|
| 650 | 7 |
_9239 _aCristología |
|
| 650 | 7 |
_9320 _aTeología bíblica |
|
| 830 | 0 |
_aNew Testament message ; _vv. 3. |
|
| 942 | _cBK | ||
| 945 | _aJTF-925 | ||